000 00926nam a2200205Ia 4500
003 Ost
005 20260507075641.0
008 260507s9999||||xx |||||||||||||| ||und||
040 _cfsecg
041 _aara
082 _a657.835
100 _aالدهراوي، كمال الدين مصطفى
_eمؤلف
245 0 _aمدخل معاصر في نظم المعلومات المحاسبية /
_c كمال الدين مصطفى الدهراوي
260 _aالإسكندرية:
_bالدار الجامعية,
_c2003
300 _a403 صفحة؛
_bإيضاحات ؛
_c24 سم
520 _aالمفاهيم الاساسية لنظم المعلومات- تشغيل المعلومات في نظام المعلومات المحاسبي- دورة العمليات- تحليل نظم المعلومات
653 _aالمحاسبة
653 _aنظم المعلومات- المؤسسة الممتدة
942 _cكتاب
999 _c45408
_d45408